000
00218nam a2200085Ia 4500
008
170620s9999 xx 000 0 und d
100
_a
Pruthi- R. K.
245
0
_a
Education in Modern India
260
_b
New Delhi- Sonali Publication
260
_c
2004
999
_c
24094
_d
24094